100 Biggest Cities in Egypt - Statistics

General Stats
  • This quiz has been taken 139 times
  • The average score is 18 of 100
Answer Stats
Rank Population Answer % Correct
2 5,221,826 Alexandria
99%
1 9,513,330 Cairo
99%
23 263,109 Luxor
92%
3 4,324,653 Giza
86%
15 367,326 Aswan
79%
5 775,209 Port Said
78%
6 691,693 Suez
71%
28 203,704 Hurghada
56%
10 514,829 Asyut
52%
14 420,031 Ismailia
50%
17 310,087 New Cairo City
49%
9 564,449 Tanta
47%
19 301,966 Damietta
45%
7 609,727 Al Mansoura
42%
11 510,857 Faiyum
40%
25 250,162 Qena
40%
24 261,664 Sohag
38%
16 365,051 6th of October City
37%
13 424,275 Zagazig
34%
18 307,311 Damanhour
30%
26 242,623 10th of Ramadan City
29%
4 1,226,143 Shubra Al Khaymah
29%
20 273,590 Al Minya
28%
21 266,282 Beni Suef
28%
27 205,123 Mallawi
26%
32 180,171 Banha
24%
29 196,887 El Arish
22%
34 168,561 Marsa Matruh
21%
8 580,041 El Mahalla El Kubra
20%
55 121,471 Rasheed
20%
97 76,910 Edfu
17%
43 137,403 El Obour City
16%
42 147,145 Desouk
15%
41 148,262 Girga
15%
22 263,726 Shibin El Kom
14%
73 94,825 Esna
13%
72 94,914 Sheikh Zayed City
13%
30 191,772 Kafr El Shaikh
12%
59 112,482 Kom Umbu
12%
39 150,736 Mit Ghamr
12%
36 154,580 Qalyub
12%
31 182,582 Belbes
10%
86 83,475 Qus
10%
33 171,086 Idku
9%
51 124,138 Kafr El Dawar
9%
89 81,234 Kharga
9%
12 483,328 Khusus
9%
58 114,048 Maghaghah
9%
52 123,728 Minuf
9%
44 136,995 Samalut
9%
48 131,657 Tahta
9%
46 134,384 Belkas
8%
40 148,437 Akhmim
7%
38 152,255 Abu Kibir
6%
78 91,006 El Shorouk City
6%
57 114,838 Manfalut
6%
47 133,009 Naser
6%
54 121,584 El Senbellawein
5%
88 81,584 Kafr El Zayat
5%
94 79,423 Matay
5%
49 131,426 Sinnuris
5%
67 99,130 Tima
5%
65 102,659 Abu Tij
3%
62 110,156 Al Fashn
3%
60 111,673 Bani Mazar
3%
66 99,883 Dayrout
3%
56 115,267 Faqus
3%
99 74,948 Itay al Barud
3%
45 136,242 Kirdasah
3%
63 109,337 Zifta
3%
64 108,858 Abnub
2%
91 80,714 Al Khankah
2%
80 89,346 Al Minshah
2%
95 77,074 Armant
2%
53 122,525 Ashmoun
2%
75 93,252 Ausim
2%
76 92,296 Biba
2%
68 99,096 Dikirnis
2%
93 79,795 Dyarb Negm
2%
37 153,542 El Hawamdeyya
2%
35 158,863 El Matariya
2%
84 85,755 Abu an Numrus
1%
70 97.682 Al Jamaliyah
1%
87 82,614 Al Qanatir Al Khayriyyah
1%
74 93,276 Al Qurayn
1%
71 96,989 Al Qusiyyah
1%
79 89,942 Badrshein
1%
81 87,787 Biyala
1%
50 124,889 El Manzala
1%
77 92,048 Fuwwah
1%
92 80,158 Housh Eissa
1%
85 84,826 Ibshaway
1%
90 80,810 Menyet El Nasr City
1%
83 86,061 Samannoud
1%
61 110,631 Talkha
1%
82 87,080 Abu Qirqas
0%
100 74,874 El Shohada City
0%
98 75,041 Juhaynah
0%
69 97,862 Minya Al Qamh
0%
96 76,938 Sirs Al Layyanah
0%
No matching quizzes found
Score Distribution
Percent of People with Each Score
Percentile by Number Answered
Your Score History
You have not taken this quiz